[Event "Oberfranken-ch U14 1213"]
[Site "Schney"]
[Date "2013.01.03"]
[Round "1"]
[White "Achtmann, Alexander"]
[Black "Birkner, Luise"]
[Result "0-1"]
[WhiteElo "779"]
[BlackElo "1065"]
[PlyCount "104"]
[EventDate "2013.01.03"]
[EventType "swiss"]
[EventRounds "7"]
[EventCountry "GER"]
[SourceTitle "EXT 2015"]
[Source "ChessBase"]
[SourceDate "2014.11.20"]
[SourceVersion "1"]
[SourceVersionDate "2014.11.20"]
[SourceQuality "1"]

1. e4 e6 2. Nf3 d5 3. Nc3 Ne7 4. Bd3 g6 5. 0-0 Bg7 6. Bb5+ Nbc6 7. exd5 exd5 8. d4 0-0 9. b3 Re8 10. Bg5 Qd6 11. g3 Bg4 12. Bf4 Qd7 13. Be5 Bxe5 14. dxe5 a6 15. Be2 Bxf3 16. Bxf3 Nxe5 17. Nxd5 Nxf3+ 18. Kg2 Nh4+ 19. Kg1 Qxd5 20. Qxd5 Nxd5 21. gxh4 Re2 22. Rfe1 Rxc2 23. Red1 c6 24. Rdc1 Rxc1+ 25. Rxc1 Re8 26. h5 g5 27. a4 Nf6 28. h4 Nxh5 29. hxg5 Re6 30. b4 Rg6 31. b5 Rxg5+ 32. Kf1 axb5 33. axb5 Rxb5 34. Rd1 Kg7 35. Rd4 Nf6 36. f4 Nh5 37. Kf2 c5 38. Rd5 Nxf4 39. Rg5+ Ng6 40. Ke3 Rb3+ 41. Ke4 c4 42. Kd4 c3 43. Kc4 c2 44. Kxb3 c1Q 45. Kb4 Qxg5 46. Kc4 b5+ 47. Kd4 Qe5+ 48. Kd3 Nf4+ 49. Kd2 b4 50. Kc2 Qc3+ 51. Kd1 Qb2 52. Ke1 Qe2# 0-1

[Event "Oberfranken-ch U14 1213"]
[Site "Schney"]
[Date "2013.01.03"]
[Round "5"]
[White "Birkner, Luise"]
[Black "Zerr, Benjamin"]
[Result "1/2-1/2"]
[WhiteElo "1065"]
[BlackElo "1224"]
[PlyCount "77"]
[EventDate "2013.01.03"]
[EventType "swiss"]
[EventRounds "7"]
[EventCountry "GER"]
[SourceTitle "EXT 2015"]
[Source "ChessBase"]
[SourceDate "2014.11.20"]
[SourceVersion "1"]
[SourceVersionDate "2014.11.20"]
[SourceQuality "1"]

1. e4 d5 2. exd5 Nf6 3. c4 c6 4. Nc3 Bf5 5. d3 cxd5 6. cxd5 Nxd5 7. Nf3 Nc6 8. d4 e6 9. Bb5 a6 10. Ba4 b5 11. Bb3 Bb4 12. Bd2 Nxc3 13. Bxc3 Bxc3+ 14. bxc3 0-0 15. 0-0 Rc8 16. Rc1 Qf6 17. Qd2 Rfd8 18. Rfd1 Bg4 19. Qe3 Bxf3 20. Qxf3 Qxf3 21. gxf3 Na5 22. Rd2 Nxb3 23. axb3 Rd5 24. f4 Rf5 25. Ra2 Ra8 26. c4 bxc4 27. bxc4 Rxf4 28. Rd1 g6 29. c5 Rd8 30. Ra4 e5 31. c6 exd4 32. c7 Rc8 33. Rc1 Kf8 34. Kg2 Ke8 35. Kg3 g5 36. Rc5 f6 37. Rac4 Kd7 38. Kg2 a5 39. Rd5+ 1/2-1/2